| 000 | 00674nam a2200217 u 4500 | ||
|---|---|---|---|
| 005 | 20240228064034.0 | ||
| 008 | 111207s2003 ch r 000 0 spa d | ||
| 020 | _a9561317966 | ||
| 035 | _aUPN01000182824 | ||
| 049 | _aI | ||
| 050 | 4 |
_aPZ74.3 _bA4.3 |
|
| 100 | 1 |
_aAlbala, Eliana, _d1929- _930352 |
|
| 245 | 1 | 4 |
_aLas cosas desobedientes / _cEliana Albala ; il. Andrés Jullian. |
| 260 |
_aSantiago de Chile : _bAndrés Bello, _c2003. |
||
| 300 |
_a55 p. : _bprincipalmente il. col. |
||
| 440 | 0 |
_aPrimeras lecturas ; _v212 |
|
| 650 | 4 |
_aRimas infantiles _910247 |
|
| 650 | 4 |
_aLibros y lectura para niños _92290 |
|
| 700 | 1 |
_aJullian, Andrés, _eil. |
|
| 905 | _aInfantil | ||
| 999 |
_c154927 _d154927 |
||